000 01111nam a2200265Ia 4500
003 OSt
005 20221005104736.0
006 a|||||r|||| 00| 0
007 ta
008 221004b |||||||| |||| 00| 0 hin d
020 _c120
024 _a8742
037 _b20474, 08/01/2014, Hindi Madhyam Karyanvyan Nideshalye
_cTextual
040 _aCRL
_cCRL
_bhin
041 _2hin
_ahin
082 _aX8(A).2, 152N9
100 _aगुप्ता, डी. एन., संपा.
245 0 _aभारत की बदलती उत्पादन प्रणालियॉ
246 _aBhārat kī badalatī utpādan praṇāliyaॉ
260 _aदिल्ली
_bविश्वविद्यालय हिन्दी माध्यम कार्यान्वय निदेशालय भारत
_c1999
300 _a97पृ0
_ccm.
650 _aअर्थशास्त्र
942 _hX8(A).2, 152N9
_cTEXL
_2cc
999 _c1013645
_d1013645